Mathematics for engineers and scientists (Record no. 17237)

000 -LEADER
fixed length control field 00520nam a2200205 a 4500
001 - CONTROL NUMBER
control field 17237
003 - CONTROL NUMBER IDENTIFIER
control field BD-DhUET
008 - FIXED-LENGTH DATA ELEMENTS--GENERAL INFORMATION
fixed length control field 840213s1979 enka 001 0 eng d
020 ## - INTERNATIONAL STANDARD BOOK NUMBER
International Standard Book Number 0177616067
020 ## - INTERNATIONAL STANDARD BOOK NUMBER
International Standard Book Number 0177716053
040 ## - CATALOGING SOURCE
Transcribing agency 0
Modifying agency BD-DhUET
082 ## - DEWEY DECIMAL CLASSIFICATION NUMBER
Classification number 510.62
Item number JEF/1979
100 ## - MAIN ENTRY--PERSONAL NAME
Personal name Jeffrey, Alan
245 10 - TITLE STATEMENT
Title Mathematics for engineers and scientists
250 ## - EDITION STATEMENT
Edition statement 2nd ed.
260 ## - PUBLICATION, DISTRIBUTION, ETC. (IMPRINT)
Place of publication, distribution, etc. London
Name of publisher, distributor, etc. Nelson
Date of publication, distribution, etc. 1979
300 ## - PHYSICAL DESCRIPTION
Extent x, 734 p.
Other physical details illus.
Dimensions 23 cm.
650 #0 - SUBJECT ADDED ENTRY--TOPICAL TERM
Topical term or geographic name as entry element Engineering : Mathematics
942 ## - ADDED ENTRY ELEMENTS (KOHA)
Koha item type General Book
Holdings
Not for loan Source of classification or shelving scheme Withdrawn status Koha full call number Koha date last seen Lost status Shelving location Damaged status Price effective from Koha item type Sublocation or collection (holding branch) Copy number Location (home branch) Koha normalized classification for sorting Date acquired Piece designation (barcode)
   510.62/JEF/19792015-03-23 Circulation section 2015-03-23General BookCentral Library, BUET1Central Library, BUET510_620000000000000_JEF_19792015-03-2354323
   510.62/JEF/19792015-03-23 Circulation section 2015-03-23General BookCentral Library, BUET2Central Library, BUET510_620000000000000_JEF_19792015-03-2352274